000 01179cad a22002295a 4500
001 E148129
008 090803s2009 xxkd f s 000 0 eng d
035 _a(Sirsi) u148129
041 0 _aeng
050 0 4 _a333.337 $2 18
110 2 _aColliers International Property Consultants
_91881
245 0 0 _aAsia Pacific office market overview
_bJuly 2009
_h[electronic resource]
260 _a[S.l.]
_bColliers
_c2009
490 0 _aColliers Asia Pacific Office Market Overview
_vJuly 2009
520 _aReports that greater liquidity and increasing optimism led to activity by real estate investors, especially domestic enterprises and cash-rich individuals, who have been acquiring office assets for future capital gains. The rental market remains weak, however, with companies attempting to reduce costs through reductions in headcount, and demand for office space falling further in 2Q 2009.
590 _aKA
650 2 4 _aCOLLIERS ASIA PACIFIC OFFICE MARKET OVERVIEW
651 4 _aAsia Pacific
690 _aPROPERTY-COMMERCIAL PROPERTY-COMMERCIAL PROPERTY MARKET
856 4 0 _uhttps://www.colliers.com
_zView the report free of charge at www.colliers.com...
942 _n0
999 _c109897
_d109897